Elecciones y representación /
Збережено в:
| Автор: | |
|---|---|
| Інші автори: | |
| Формат: | Текст |
| Теги: |
Додати тег
Немає тегів, Будьте першим, хто поставить тег для цього запису!
|
MARC
| LEADER | 00000 a a2200000 04500 | ||
|---|---|---|---|
| 001 | 9695 | ||
| 003 | |||
| 040 | |||
| 100 | |a Manin, Bernard | ||
| 245 | |a Elecciones y representación / |c Bernard Manin | ||
| 700 | |a Przeworski, Adam |a Stokes, Susan C. | ||
| 773 | |g volumen 8, número 37; páginas 14-29 | ||
| 999 | |c 36943 |d 36943 | ||
